[Event "37. Copenhagen Open (Politiken Cup)"]
[Site "Elsinore"]
[Date "2015.07.26"]
[Round "2"]
[White "Kristensen, Lars Ostergaard"]
[Black "Norevall, Ulf"]
[Result "1-0"]
[WhiteElo "1675"]
[BlackElo "1905"]
[PlyCount "113"]
[EventDate "2015.07.25"]
[EventType "swiss"]
[EventRounds "10"]
[EventCountry "DEN"]
[Source "ChessBase"]
[SourceDate "2015.09.14"]

1. d4 d5 2. c4 c6 3. Nc3 Nf6 4. cxd5 cxd5 5. Bf4 Nc6 6. e3 a6 7. Bd3 e6 8. Rc1
Bd6 9. Nge2 O-O 10. O-O Re8 11. Bb1 Bxf4 12. Nxf4 Qd6 13. Qc2 Nxd4 14. exd4
Qxf4 15. Ne2 Qd6 16. Ng3 g6 17. h4 Bd7 18. Qd2 Qf8 19. Qg5 Qg7 20. Rc3 h6 21.
Qf4 Bc6 22. Re1 g5 23. Qf3 g4 24. Qf4 Re7 25. Re5 Kh8 26. Nh5 Nxh5 27. Rxh5 f5
28. Rxh6+ Kg8 29. h5 Be8 30. Rg3 Rc8 31. f3 e5 32. dxe5 Rc4 33. Qd2 Qxe5 34.
Qg5+ Rg7 35. Qxf5 Qe3+ 36. Kh2 Qxh6 37. Qxd5+ Rf7 38. Qxc4 Qxh5+ 39. Kg1 Bd7
40. fxg4 Qe5 41. Rf3 Be6 42. Qe4 Qxb2 43. Qxe6 Qxb1+ 44. Kh2 Qh7+ 45. Kg3 Qg7
46. Rxf7 Qxf7 47. Qxf7+ Kxf7 48. Kf4 b5 49. Ke4 Ke6 50. Kd4 Kd6 51. Kc3 a5 52.
g5 Ke5 53. g4 Kd5 54. g6 Ke6 55. g5 Ke7 56. Kd4 Kf8 57. Kc5 1-0

[Event "37. Copenhagen Open (Politiken Cup)"]
[Site "Elsinore"]
[Date "2015.07.26"]
[Round "2"]
[White "Kristiansen, Jesper2"]
[Black "Johansson, Linus"]
[Result "0-1"]
[WhiteElo "2051"]
[BlackElo "2379"]
[PlyCount "62"]
[EventDate "2015.07.25"]
[EventType "swiss"]
[EventRounds "10"]
[EventCountry "DEN"]
[Source "ChessBase"]
[SourceDate "2015.09.14"]

1. e4 e6 2. d3 c5 3. g3 Nc6 4. Bg2 d5 5. Nd2 Nf6 6. Ngf3 Be7 7. O-O O-O 8. Re1
b5 9. e5 Nd7 10. Nf1 Qc7 11. Bf4 Nb6 12. Ne3 d4 13. Ng4 Nd5 14. Bd2 c4 15. h4
c3 16. bxc3 Nxc3 17. Bxc3 dxc3 18. Nd4 Bd7 19. Nxb5 Qa5 20. Nd6 Bxd6 21. exd6
Qc5 22. Re4 Qxd6 23. Rc4 Rac8 24. Rxc3 f5 25. Ne3 f4 26. gxf4 Qxf4 27. Qe1 Qxh4
28. Rc4 Nd4 29. Rxc8 Rxc8 30. c3 Rxc3 31. Kf1 Rxd3 0-1

[Event "37. Copenhagen Open (Politiken Cup)"]
[Site "Elsinore"]
[Date "2015.07.26"]
[Round "2"]
[White "Kristiansen, Tore"]
[Black "Boukhris, Yacine"]
[Result "1/2-1/2"]
[WhiteElo "1784"]
[BlackElo "2163"]
[PlyCount "103"]
[EventDate "2015.07.25"]
[EventType "swiss"]
[EventRounds "10"]
[EventCountry "DEN"]
[Source "ChessBase"]
[SourceDate "2015.09.14"]

1. e4 e6 2. d4 d5 3. Nd2 Be7 4. Bd3 c5 5. dxc5 Nf6 6. Qe2 a5 7. Ngf3 Na6 8. e5
Nd7 9. c4 Ndxc5 10. Bb1 b6 11. O-O Nb4 12. a3 Nc6 13. b3 Ba6 14. Rd1 Qc7 15.
Bb2 O-O 16. Bd4 Nxd4 17. Nxd4 dxc4 18. Nxc4 g6 19. Bc2 Rac8 20. Rac1 Bxc4 21.
bxc4 Nd7 22. Nf3 Bxa3 23. Rb1 Rfd8 24. Ba4 Nc5 25. Bb5 Rxd1+ 26. Rxd1 Rd8 27.
Nd4 Bb4 28. f4 Kg7 29. h3 Bc3 30. Nc6 Rxd1+ 31. Qxd1 Qd7 32. Qxd7 Nxd7 33. Nxa5
Nxe5 34. Nc6 Nd3 35. g3 Kf6 36. Kg2 h5 37. Kf3 Nc5 38. Ke3 Kf5 39. Kf3 Kf6 40.
Ke3 Kf5 41. Kf3 Nb3 42. g4+ hxg4+ 43. hxg4+ Kf6 44. g5+ Kg7 45. Nb8 Nc5 46. Nd7
Nxd7 47. Bxd7 Kf8 48. Ke4 Ke7 49. Bc6 f6 50. gxf6+ Bxf6 51. Bb5 Kd6 52. Be8
1/2-1/2

[Event "37. Copenhagen Open (Politiken Cup)"]
[Site "Elsinore"]
[Date "2015.07.26"]
[Round "2"]
[White "Kunin, Vitaly L"]
[Black "Engel, Robert"]
[Result "1-0"]
[WhiteElo "2576"]
[BlackElo "1725"]
[PlyCount "77"]
[EventDate "2015.07.25"]
[EventType "swiss"]
[EventRounds "10"]
[EventCountry "DEN"]
[Source "ChessBase"]
[SourceDate "2015.09.14"]

1. Nf3 Nf6 2. d4 d5 3. c4 c6 4. Qc2 a6 5. Bf4 g6 6. e3 Bf5 7. Bd3 Bxd3 8. Qxd3
Bg7 9. Nbd2 O-O 10. O-O Nbd7 11. h3 c5 12. dxc5 Nxc5 13. Qa3 Rc8 14. Rfd1 e6
15. Rac1 Qb6 16. Be5 Ncd7 17. Bd4 Qc7 18. b3 Qb8 19. Qb2 Nh5 20. Bxg7 Nxg7 21.
cxd5 Rxc1 22. Rxc1 exd5 23. Qd4 Qd6 24. e4 Nb6 25. e5 Qd8 26. Qb4 Re8 27. a4
Re7 28. a5 Na8 29. Nd4 Ne6 30. Nxe6 fxe6 31. Rc8 Qxc8 32. Qxe7 b6 33. g3 Qc1+
34. Nf1 Qc8 35. Ne3 h5 36. Ng2 bxa5 37. Nf4 Qc7 38. Qe8+ Kg7 39. Nxe6+ 1-0

[Event "37. Copenhagen Open (Politiken Cup)"]
[Site "Elsinore"]
[Date "2015.07.26"]
[Round "2"]
[White "Kvamme, Ingrid Jodre"]
[Black "Fossan, Aleksander"]
[Result "1/2-1/2"]
[WhiteElo "1351"]
[BlackElo "1798"]
[PlyCount "102"]
[EventDate "2015.07.25"]
[EventType "swiss"]
[EventRounds "10"]
[EventCountry "DEN"]
[Source "ChessBase"]
[SourceDate "2015.09.14"]

1. c4 c5 2. Nf3 g6 3. g3 Bg7 4. Bg2 Nc6 5. O-O e5 6. d3 Nge7 7. Nc3 O-O 8. Bd2
d6 9. a3 Be6 10. Rb1 a5 11. Nb5 h6 12. b4 axb4 13. axb4 b6 14. bxc5 bxc5 15.
Bc3 f5 16. Nd2 f4 17. Ne4 Nf5 18. Nxc5 dxc5 19. Bxc6 Rb8 20. Qa4 Nd4 21. Nxd4
exd4 22. Bd2 fxg3 23. hxg3 h5 24. Rb5 Rxb5 25. Qxb5 Qd6 26. Be4 Bg4 27. Re1 Bd7
28. Qa5 Qe6 29. f3 h4 30. Bf4 g5 31. Bc7 Qe7 32. Qb6 Rf6 33. Qa5 g4 34. Bd8 Qd6
35. Qc7 gxf3 36. Bxf3 hxg3 37. Qxd6 Rxd6 38. Bc7 Rg6 39. Kg2 Bh6 40. Bd5+ Kh8
41. Rh1 Bc6 42. Bxc6 Rxc6 43. Be5+ Kh7 44. Kxg3 Kg6 45. Rf1 Re6 46. Bc7 Rxe2
47. Bd6 Rd2 48. Rf3 Be3 49. Bxc5 Rxd3 50. Bxd4 Rxd4 51. Rxe3 Rxc4 1/2-1/2

[Event "37. Copenhagen Open (Politiken Cup)"]
[Site "Elsinore"]
[Date "2015.07.26"]
[Round "2"]
[White "Kvamme, John Agnar"]
[Black "Justinussen, Sigurd B"]
[Result "1-0"]
[WhiteElo "2158"]
[BlackElo "1959"]
[PlyCount "159"]
[EventDate "2015.07.25"]
[EventType "swiss"]
[EventRounds "10"]
[EventCountry "DEN"]
[Source "ChessBase"]
[SourceDate "2015.09.14"]

1. Nf3 d5 2. c4 e6 3. g3 Nf6 4. Bg2 Be7 5. O-O O-O 6. b3 c5 7. Bb2 Nc6 8. cxd5
exd5 9. d4 Bf5 10. Nc3 Rc8 11. dxc5 Bxc5 12. Rc1 Be7 13. Nd4 Bg6 14. Bh3 Rb8
15. Nxc6 bxc6 16. Na4 Qd6 17. Bd4 Qa3 18. Bxa7 Rb7 19. Bd4 Qxa2 20. Rxc6 Qxb3
21. Qxb3 Rxb3 22. Nc5 Rb4 23. Bxf6 gxf6 24. Nd7 Re8 25. Rxf6 d4 26. Rc6 Rb2 27.
Bg4 Rd8 28. Ne5 Rd5 29. Nxg6 hxg6 30. Rxg6+ fxg6 31. Be6+ Kg7 32. Bxd5 Rxe2 33.
Rd1 Bf6 34. Kg2 Rc2 35. h4 Rc7 36. Rd2 Rd7 37. Be4 Be7 38. f4 Bf6 39. Kh3 Rc7
40. g4 Rc3+ 41. Bd3 Rc1 42. g5 Be7 43. Re2 Bd6 44. Re6 Bxf4 45. Rxg6+ Kh8 46.
Kg4 Be3 47. Rd6 Kg7 48. Rd7+ Kg8 49. Kf5 Rc5+ 50. Kg6 Rc6+ 51. Kh5 Rc5 52. Kh6
Kf8 53. Bg6 Rc1 54. Rf7+ Kg8 55. Re7 Rc8 56. Rg7+ Kf8 57. Rh7 Rc1 58. Rh8+ Ke7
59. Kg7 Rc5 60. Re8+ Kd6 61. Rf8 Bxg5 62. hxg5 Rxg5 63. Kf6 Rg4 64. Bf5 Rh4 65.
Rd8+ Kc5 66. Ke5 Kc4 67. Rc8+ Kb4 68. Be4 Rh2 69. Kxd4 Rh5 70. Rc7 Kb5 71. Rb7+
Ka6 72. Rb1 Ra5 73. Bd5 Ka7 74. Rb2 Ka6 75. Ke5 Rc5 76. Kd6 Rc1 77. Bc6 Rd1+
78. Kc7 Ka5 79. Rb5+ Ka6 80. Rb4 1-0

[Event "37. Copenhagen Open (Politiken Cup)"]
[Site "Elsinore"]
[Date "2015.07.26"]
[Round "2"]
[White "Larsen, Ole Bogh"]
[Black "Molin, Claus"]
[Result "1-0"]
[WhiteElo "2203"]
[BlackElo "1990"]
[PlyCount "105"]
[EventDate "2015.07.25"]
[EventType "swiss"]
[EventRounds "10"]
[EventCountry "DEN"]
[Source "ChessBase"]
[SourceDate "2015.09.14"]

1. e4 c5 2. Nf3 Nc6 3. d4 cxd4 4. Nxd4 Nf6 5. Nc3 g6 6. Be3 Bg7 7. Bc4 O-O 8.
Bb3 Qa5 9. O-O d6 10. f3 Bd7 11. Qd2 Nxd4 12. Bxd4 Be6 13. Rfd1 Nd7 14. Be3
Rfe8 15. Bf2 Nc5 16. Bd4 Bxd4+ 17. Qxd4 Nxb3 18. axb3 Qb6 19. Qxb6 axb6 20. b4
Kf8 21. b5 Bd7 22. Nd5 Rxa1 23. Rxa1 Bxb5 24. Nc7 Rc8 25. Nxb5 Rxc2 26. Rb1 f5
27. Na3 Rc5 28. b4 Rc3 29. Nb5 Rc4 30. exf5 gxf5 31. Rb2 Kf7 32. Kf2 d5 33. Ke3
Kf6 34. Kd3 Ke5 35. Re2+ Kf6 36. Nc3 e6 37. b5 Rb4 38. Re1 Rh4 39. h3 Rb4 40.
Rb1 Rc4 41. g3 h5 42. Ra1 Rb4 43. h4 Ke5 44. f4+ Kd6 45. Ra8 Kc5 46. Rc8+ Kd6
47. Rd8+ Kc5 48. Rc8+ Kd6 49. Rh8 Kc5 50. Rxh5 d4 51. Ne4+ Kd5 52. Nf6+ Kd6 53.
g4 1-0

[Event "37. Copenhagen Open (Politiken Cup)"]
[Site "Elsinore"]
[Date "2015.07.26"]
[Round "2"]
[White "Laustsen, Lars"]
[Black "Tarjan, James Edward"]
[Result "1/2-1/2"]
[WhiteElo "2098"]
[BlackElo "2490"]
[PlyCount "44"]
[EventDate "2015.07.25"]
[EventType "swiss"]
[EventRounds "10"]
[EventCountry "DEN"]
[Source "ChessBase"]
[SourceDate "2015.09.14"]

1. d4 f5 2. g3 Nf6 3. Bg2 e6 4. Nf3 d5 5. O-O Bd6 6. c4 c6 7. Bf4 Bxf4 8. gxf4
O-O 9. Nbd2 b6 10. Ne5 Bb7 11. Qc2 a5 12. Rfc1 Na6 13. cxd5 cxd5 14. Nd3 Qd6
15. Nf3 Rfc8 16. Qb3 Ne4 17. e3 Nb4 18. a3 Nxd3 19. Qxd3 Rc7 20. Ne5 Ba6 21.
Qd1 Rac8 22. f3 Nf6 1/2-1/2

[Event "37. Copenhagen Open (Politiken Cup)"]
[Site "Elsinore"]
[Date "2015.07.26"]
[Round "2"]
[White "Levrand, Roland"]
[Black "Hammer, Jon Ludvig"]
[Result "0-1"]
[WhiteElo "2146"]
[BlackElo "2677"]
[PlyCount "44"]
[EventDate "2015.07.25"]
[EventType "swiss"]
[EventRounds "10"]
[EventCountry "DEN"]
[Source "ChessBase"]
[SourceDate "2015.09.14"]

1. e4 c6 2. d4 d5 3. Nc3 dxe4 4. Nxe4 Bf5 5. Ng3 Bg6 6. N1e2 Nf6 7. Nf4 e5 8.
dxe5 Qa5+ 9. c3 Qxe5+ 10. Be2 Nbd7 11. O-O O-O-O 12. Qa4 Qb8 13. b4 Bd6 14.
Nxg6 hxg6 15. Rd1 Nd5 16. Qb3 Bxg3 17. fxg3 Qe5 18. Bf3 N7f6 19. Bd2 Ne3 20.
Qxf7 Nxd1 21. Qxg7 Rhe8 22. Rxd1 Rxd2 0-1

[Event "37. Copenhagen Open (Politiken Cup)"]
[Site "Elsinore"]
[Date "2015.07.26"]
[Round "2"]
[White "Linderod, Lars Erik"]
[Black "Robertsen, Bjorn"]
[Result "0-1"]
[WhiteElo "1912"]
[BlackElo "1676"]
[PlyCount "40"]
[EventDate "2015.07.25"]
[EventType "swiss"]
[EventRounds "10"]
[EventCountry "DEN"]
[Source "ChessBase"]
[SourceDate "2015.09.14"]

1. e4 c5 2. Nf3 d6 3. Bb5+ Nd7 4. c3 a6 5. Ba4 g6 6. O-O Bg7 7. Qe2 b5 8. Bc2
Qc7 9. d4 Bb7 10. Bf4 Rc8 11. Rc1 Qb6 12. e5 cxd4 13. Bb3 dxe5 14. Ng5 e6 15.
Na3 exf4 16. Bxe6 fxe6 17. Nxe6 Be5 18. Nxf4 Ne7 19. Re1 O-O 20. Qg4 Nf6 0-1

[Event "37. Copenhagen Open (Politiken Cup)"]
[Site "Elsinore"]
[Date "2015.07.26"]
[Round "2"]
[White "Lofgren, Claes"]
[Black "Lund, Gunnar"]
[Result "1/2-1/2"]
[WhiteElo "2102"]
[BlackElo "1765"]
[PlyCount "43"]
[EventDate "2015.07.25"]
[EventType "swiss"]
[EventRounds "10"]
[EventCountry "DEN"]
[Source "ChessBase"]
[SourceDate "2015.09.14"]

1. d4 d5 2. c4 e6 3. Nf3 Nf6 4. g3 Be7 5. Bg2 O-O 6. O-O c6 7. Nc3 dxc4 8. Ne5
Nd5 9. Nxc4 b6 10. Ne5 Bb7 11. e4 Nxc3 12. bxc3 Qc7 13. Bf4 Bd6 14. Qb3 Nd7 15.
Nxd7 Qxd7 16. Bxd6 Qxd6 17. e5 Qe7 18. a4 Rac8 19. a5 c5 20. Bxb7 Qxb7 21. axb6
axb6 22. Rfb1 1/2-1/2

[Event "37. Copenhagen Open (Politiken Cup)"]
[Site "Elsinore"]
[Date "2015.07.26"]
[Round "2"]
[White "Louis, Thibault"]
[Black "Nielsen, Carsten Juul"]
[Result "1-0"]
[WhiteElo "2250"]
[BlackElo "2023"]
[PlyCount "31"]
[EventDate "2015.07.25"]
[EventType "swiss"]
[EventRounds "10"]
[EventCountry "DEN"]
[Source "ChessBase"]
[SourceDate "2015.09.14"]

1. e4 c5 2. Nc3 e6 3. Nf3 Nf6 4. Be2 d5 5. exd5 Nxd5 6. O-O Be7 7. d4 cxd4 8.
Nxd5 Qxd5 9. Nxd4 a6 10. Bf3 Qd6 11. Be3 O-O 12. Qe2 Nd7 13. Rad1 Ne5 14. Nf5
Nxf3+ 15. Qxf3 Qc7 16. Qg3 1-0

[Event "37. Copenhagen Open (Politiken Cup)"]
[Site "Elsinore"]
[Date "2015.07.26"]
[Round "2"]
[White "Lund, Per"]
[Black "Percivaldi, Martin"]
[Result "0-1"]
[WhiteElo "2029"]
[BlackElo "2310"]
[PlyCount "72"]
[EventDate "2015.07.25"]
[EventType "swiss"]
[EventRounds "10"]
[EventCountry "DEN"]
[Source "ChessBase"]
[SourceDate "2015.09.14"]

1. e4 e5 2. Nf3 Nc6 3. Bc4 Bc5 4. c3 Nf6 5. d4 exd4 6. cxd4 Bb4+ 7. Bd2 Bxd2+
8. Nbxd2 d5 9. exd5 Nxd5 10. Qb3 Nce7 11. Ne5 O-O 12. Ne4 f6 13. Nf3 Kh8 14.
O-O Bf5 15. Ng3 Nb6 16. Nxf5 Nxf5 17. Rad1 Nxc4 18. Qxc4 Qd7 19. Rfe1 Rfe8 20.
Qb4 c6 21. h3 a6 22. Qd2 Rxe1+ 23. Rxe1 Rd8 24. Rd1 Qd6 25. a3 Ne7 26. Re1 Nf5
27. Rd1 g5 28. g4 Ne7 29. h4 gxh4 30. Qh6 Ng6 31. Nxh4 Nxh4 32. Qxh4 Qf4 33.
Qh5 Rg8 34. d5 Rxg4+ 35. Kf1 Qc4+ 36. Ke1 Rg1+ 0-1

[Event "37. Copenhagen Open (Politiken Cup)"]
[Site "Elsinore"]
[Date "2015.07.26"]
[Round "2"]
[White "Lundberg, Roland"]
[Black "Hinrichs, Lars"]
[Result "0-1"]
[WhiteElo "1990"]
[BlackElo "2205"]
[PlyCount "56"]
[EventDate "2015.07.25"]
[EventType "swiss"]
[EventRounds "10"]
[EventCountry "DEN"]
[Source "ChessBase"]
[SourceDate "2015.09.14"]

1. d4 Nf6 2. c4 e6 3. Nf3 b6 4. g3 Bb7 5. Bg2 Bb4+ 6. Bd2 Qe7 7. O-O O-O 8. a3
Bxd2 9. Nfxd2 Bxg2 10. Kxg2 c5 11. dxc5 bxc5 12. Nc3 d5 13. Rb1 Nc6 14. Qa4 Ne5
15. Rfe1 Qb7 16. Qb5 Qe7 17. Na4 Rfc8 18. cxd5 exd5 19. Rbc1 Rab8 20. Qa5 c4
21. Nf3 Nxf3 22. exf3 Qd7 23. Re2 d4 24. Rd2 Rb5 25. Qa6 Rh5 26. Rxc4 Qh3+ 27.
Kg1 Qxh2+ 28. Kf1 Re8 0-1

[Event "37. Copenhagen Open (Politiken Cup)"]
[Site "Elsinore"]
[Date "2015.07.26"]
[Round "2"]
[White "Lunde, Sigmund"]
[Black "Jarve, Edvin"]
[Result "0-1"]
[WhiteElo "1898"]
[BlackElo "1637"]
[PlyCount "64"]
[EventDate "2015.07.25"]
[EventType "swiss"]
[EventRounds "10"]
[EventCountry "DEN"]
[Source "ChessBase"]
[SourceDate "2015.09.14"]

1. e4 e6 2. Nf3 d5 3. exd5 exd5 4. d4 Bd6 5. Nc3 c6 6. Be2 Nf6 7. O-O O-O 8.
Ne5 Bf5 9. Bd3 Bxd3 10. Qxd3 Qc7 11. f4 Re8 12. Be3 Bb4 13. Ne2 Ne4 14. a3 Bf8
15. Ng3 f6 16. Nxe4 fxe5 17. Nd2 exd4 18. Bxd4 Nd7 19. Nf3 Qxf4 20. Nd2 Qxd4+
21. Qxd4 Bc5 22. c3 Bxd4+ 23. cxd4 Re2 24. Rf2 Rae8 25. Kf1 Rxf2+ 26. Kxf2 Nf6
27. Nf3 Ne4+ 28. Kf1 Kf8 29. Re1 Nd6 30. Ne5 Nc4 31. Nd7+ Kf7 32. Rb1 Nd2+ 0-1

[Event "37. Copenhagen Open (Politiken Cup)"]
[Site "Elsinore"]
[Date "2015.07.26"]
[Round "2"]
[White "Maagaard, David Bille"]
[Black "Videbaek, Kurt"]
[Result "1-0"]
[WhiteElo "1859"]
[BlackElo "1563"]
[PlyCount "69"]
[EventDate "2015.07.25"]
[EventType "swiss"]
[EventRounds "10"]
[EventCountry "DEN"]
[Source "ChessBase"]
[SourceDate "2015.09.14"]

1. d4 d5 2. c4 c6 3. Nc3 Nf6 4. Nf3 e6 5. e3 Nbd7 6. Bd3 a6 7. b3 c5 8. O-O
cxd4 9. exd4 Be7 10. Re1 Nb6 11. c5 Nbd7 12. Bd2 Nb8 13. Na4 Bd7 14. Nb6 Nc6
15. Nxa8 Qxa8 16. b4 O-O 17. a4 b6 18. b5 Na5 19. Ne5 Nc4 20. c6 Bc8 21. Nxc4
dxc4 22. Bxc4 a5 23. Qf3 Qb8 24. Rad1 Bd6 25. h3 Re8 26. Bg5 Be7 27. Bf4 Bd6
28. Be5 Bxe5 29. dxe5 Nd5 30. Bxd5 exd5 31. Qxd5 Be6 32. Qd6 Qc8 33. c7 h6 34.
Qxb6 Re7 35. Rd8+ 1-0

[Event "37. Copenhagen Open (Politiken Cup)"]
[Site "Elsinore"]
[Date "2015.07.26"]
[Round "2"]
[White "Madison, Sigurd"]
[Black "Kristensen, Thomas Overgaard"]
[Result "1-0"]
[WhiteElo "1853"]
[BlackElo "1545"]
[PlyCount "53"]
[EventDate "2015.07.25"]
[EventType "swiss"]
[EventRounds "10"]
[EventCountry "DEN"]
[Source "ChessBase"]
[SourceDate "2015.09.14"]

1. e4 c6 2. d4 d5 3. Nd2 dxe4 4. Nxe4 Nf6 5. Nxf6+ gxf6 6. Bc4 Bf5 7. c3 e6 8.
Ne2 Nd7 9. Ng3 Bg6 10. O-O Bd6 11. Bh6 Rg8 12. Qe2 e5 13. f4 Qb6 14. f5 O-O-O
15. Kh1 exd4 16. fxg6 Rxg6 17. Nf5 Ne5 18. Bb3 Ng4 19. Nxd6+ Rxd6 20. Bf4 d3
21. Qe8+ Rd8 22. Qxf7 Ne5 23. Be6+ Kb8 24. Qxh7 Rxg2 25. Kxg2 Qxb2+ 26. Kh1 d2
27. Qe7 1-0

[Event "37. Copenhagen Open (Politiken Cup)"]
[Site "Elsinore"]
[Date "2015.07.26"]
[Round "2"]
[White "Madsen, Dennis"]
[Black "Sorensen, Dick"]
[Result "1/2-1/2"]
[WhiteElo "1678"]
[BlackElo "1911"]
[PlyCount "49"]
[EventDate "2015.07.25"]
[EventType "swiss"]
[EventRounds "10"]
[EventCountry "DEN"]
[Source "ChessBase"]
[SourceDate "2015.09.14"]

1. d4 d5 2. e4 dxe4 3. Nc3 Nf6 4. f3 exf3 5. Nxf3 Bg4 6. Bc4 e6 7. O-O c6 8.
Ne2 Nbd7 9. h3 Bxf3 10. Rxf3 Bd6 11. Bf4 Nb6 12. Bb3 Bxf4 13. Nxf4 Nbd5 14. c3
Nxf4 15. Rxf4 Qd6 16. Qf3 O-O-O 17. Re1 Kb8 18. Re5 h6 19. g4 a6 20. c4 Nd7 21.
Ree4 e5 22. c5 Nxc5 23. dxc5 Qxc5+ 24. Qf2 Qc1+ 25. Qf1 1/2-1/2

[Event "37. Copenhagen Open (Politiken Cup)"]
[Site "Elsinore"]
[Date "2015.07.26"]
[Round "2"]
[White "Maechel, Michael"]
[Black "Pantzar, Milton"]
[Result "0-1"]
[WhiteElo "1738"]
[BlackElo "2098"]
[PlyCount "102"]
[EventDate "2015.07.25"]
[EventType "swiss"]
[EventRounds "10"]
[EventCountry "DEN"]
[Source "ChessBase"]
[SourceDate "2015.09.14"]

1. e4 e6 2. d4 d5 3. Nc3 Nf6 4. e5 Nfd7 5. Nf3 c5 6. Bb5 Nc6 7. Bxc6 bxc6 8.
O-O Qc7 9. Re1 Ba6 10. Ng5 cxd4 11. Qxd4 h6 12. Nf3 g6 13. Qa4 Bc4 14. Be3 Nb6
15. Qa5 Qb7 16. b3 Qa6 17. Qxa6 Bxa6 18. a3 Nd7 19. Nd4 c5 20. Ndb5 Kd8 21.
Rad1 d4 22. Bxd4 cxd4 23. Nxd4 Bxa3 24. Nc6+ Kc7 25. Ra1 Bb2 26. Rxa6 Bxc3 27.
Re3 Nc5 28. Rxc3 Nxa6 29. Nb4+ Kb7 30. Nc6 Rac8 31. Na5+ Ka8 32. Rf3 Rxc2 33.
h3 Rc7 34. Nc4 Rd8 35. Nd6 h5 36. Nxf7 Rf8 37. Ng5 Rxf3 38. gxf3 Nc5 39. b4 Nd3
40. Nxe6 Rc1+ 41. Kg2 Nxe5 42. f4 Nd3 43. Kf3 Nxb4 44. Nf8 Rc6 45. Ke4 a5 46.
f5 gxf5+ 47. Kxf5 Rc3 48. f4 Rxh3 49. Kg5 a4 50. Nd7 a3 51. Nb6+ Kb7 0-1

[Event "37. Copenhagen Open (Politiken Cup)"]
[Site "Elsinore"]
[Date "2015.07.26"]
[Round "2"]
[White "Marthedal, Anton Mehmet Yildiz"]
[Black "Thybo, Jan"]
[Result "1-0"]
[WhiteElo "1811"]
[BlackElo "1352"]
[PlyCount "55"]
[EventDate "2015.07.25"]
[EventType "swiss"]
[EventRounds "10"]
[EventCountry "DEN"]
[Source "ChessBase"]
[SourceDate "2015.09.14"]

1. d4 Nf6 2. Nf3 g6 3. Bg5 Bg7 4. Nbd2 h6 5. Bh4 g5 6. Bg3 Nc6 7. c3 Nh5 8. e4
Nxg3 9. hxg3 e5 10. dxe5 Nxe5 11. Nxe5 Bxe5 12. Bc4 Qe7 13. Qh5 d6 14. O-O-O
Bd7 15. Nf3 Bg7 16. e5 g4 17. exd6 Qf6 18. Rhe1+ Kf8 19. Ne5 Qg5+ 20. Qxg5 hxg5
21. Nxd7+ Kg8 22. dxc7 Kh7 23. Bxf7 Rac8 24. Rh1+ Bh6 25. Rd6 Kg7 26. Bh5 Rxc7
27. Rg6+ Kh7 28. Nf6# 1-0

[Event "37. Copenhagen Open (Politiken Cup)"]
[Site "Elsinore"]
[Date "2015.07.26"]
[Round "2"]
[White "Martinsson, Jonas"]
[Black "Petersen, Tom Petri"]
[Result "0-1"]
[WhiteElo "1845"]
[BlackElo "2360"]
[PlyCount "58"]
[EventDate "2015.07.25"]
[EventType "swiss"]
[EventRounds "10"]
[EventCountry "DEN"]
[Source "ChessBase"]
[SourceDate "2015.09.14"]

1. e4 g6 2. d4 Bg7 3. Nc3 a6 4. Be3 d6 5. Qd2 Nd7 6. h4 h6 7. f3 b5 8. g4 Nb6
9. O-O-O Nf6 10. Nh3 Bb7 11. Kb1 b4 12. Ne2 Nc4 13. Qd3 Nxe3 14. Qxe3 Nd7 15.
g5 h5 16. Nhf4 c5 17. dxc5 Nxc5 18. Nd5 Na4 19. Nd4 Bxd5 20. exd5 Qb6 21. Re1
O-O 22. Nc6 Qxe3 23. Rxe3 Nxb2 24. Nxb4 Nd1 25. Rxe7 Rab8 26. Kc1 Nc3 27. Bxa6
Rxb4 28. Rb7 Rxb7 29. Bxb7 Rb8 0-1

[Event "37. Copenhagen Open (Politiken Cup)"]
[Site "Elsinore"]
[Date "2015.07.26"]
[Round "2"]
[White "Matras, Ove"]
[Black "Agovic, Sejfo"]
[Result "0-1"]
[WhiteElo "1940"]
[BlackElo "1699"]
[PlyCount "82"]
[EventDate "2015.07.25"]
[EventType "swiss"]
[EventRounds "10"]
[EventCountry "DEN"]
[Source "ChessBase"]
[SourceDate "2015.09.14"]

1. e4 d6 2. d4 Nf6 3. Bd3 g6 4. f4 Nc6 5. c3 Bg4 6. Nf3 e5 7. d5 Nb8 8. Qa4+
Qd7 9. Qxd7+ Nbxd7 10. b4 Bxf3 11. gxf3 Bh6 12. Na3 exf4 13. Nb5 Kd8 14. a4 Re8
15. a5 a6 16. Nd4 Nxd5 17. b5 Nc5 18. Bc4 Nxc3 19. bxa6 Nxa6 20. Kd2 Bg7 21.
Kd3 c5 22. Bxf7 Nb4+ 23. Kc4 Bxd4 24. Bxe8 Kxe8 25. Bb2 Nc2 26. Rac1 Ne3+ 27.
Kd3 Na2 28. Bxd4 Nxc1+ 29. Rxc1 cxd4 30. Rc7 Rxa5 31. Rxb7 Rh5 32. Kxd4 Rxh2
33. e5 dxe5+ 34. Kxe5 g5 35. Rg7 Nc4+ 36. Kd5 Ne3+ 37. Ke5 h6 38. Ke6 Kd8 39.
Kf6 g4 40. Ke6 gxf3 41. Ra7 f2 0-1

[Event "37. Copenhagen Open (Politiken Cup)"]
[Site "Elsinore"]
[Date "2015.07.26"]
[Round "2"]
[White "Merkesvik, Amalie Isabel"]
[Black "Larsen, Arne Walther"]
[Result "1/2-1/2"]
[WhiteElo "1461"]
[BlackElo "1824"]
[PlyCount "44"]
[EventDate "2015.07.25"]
[EventType "swiss"]
[EventRounds "10"]
[EventCountry "DEN"]
[Source "ChessBase"]
[SourceDate "2015.09.14"]

1. e4 g6 2. Nf3 Bg7 3. Nc3 d6 4. d4 c6 5. Be3 Nf6 6. h3 Nbd7 7. Be2 O-O 8. O-O
b5 9. a3 a5 10. d5 cxd5 11. exd5 Ba6 12. b4 axb4 13. axb4 Bb7 14. Rxa8 Qxa8 15.
Bxb5 Qa3 16. Qd3 Qxb4 17. Bxd7 Nxd7 18. Rb1 Qxc3 19. Qxc3 Bxc3 20. Rxb7 Rd8 21.
Nd4 Bxd4 22. Bxd4 Kf8 1/2-1/2

[Event "37. Copenhagen Open (Politiken Cup)"]
[Site "Elsinore"]
[Date "2015.07.26"]
[Round "2"]
[White "Micalizio, Tiziano Wul"]
[Black "Sande, Odmund"]
[Result "0-1"]
[WhiteElo "1644"]
[BlackElo "1898"]
[PlyCount "68"]
[EventDate "2015.07.25"]
[EventType "swiss"]
[EventRounds "10"]
[EventCountry "DEN"]
[Source "ChessBase"]
[SourceDate "2015.09.14"]

1. d4 Nf6 2. Nf3 g6 3. g3 Bg7 4. Bg2 O-O 5. O-O d5 6. c4 e6 7. Nc3 c6 8. Bf4
dxc4 9. Ne5 Nd5 10. e3 g5 11. Bxg5 Qxg5 12. Ne4 Qe7 13. Nxc4 Nd7 14. Qc2 N7f6
15. Ng5 h6 16. Nf3 Bd7 17. a3 Rac8 18. e4 Nb6 19. e5 Ne8 20. Na5 Rc7 21. b4 Bc8
22. Nh4 Rd7 23. Rad1 Nc7 24. f4 Rfd8 25. Nb3 Nb5 26. f5 Qg5 27. f6 Bf8 28. Rf4
Nd5 29. Bxd5 Rxd5 30. Nf3 Qg6 31. Qc1 h5 32. Rd2 Bh6 33. Rg2 Kh8 34. Nh4 Qh7
0-1

[Event "37. Copenhagen Open (Politiken Cup)"]
[Site "Elsinore"]
[Date "2015.07.26"]
[Round "2"]
[White "Molvig, Henrik"]
[Black "Hansen, Tommy"]
[Result "1-0"]
[WhiteElo "2157"]
[BlackElo "1837"]
[PlyCount "57"]
[EventDate "2015.07.25"]
[EventType "swiss"]
[EventRounds "10"]
[EventCountry "DEN"]
[Source "ChessBase"]
[SourceDate "2015.09.14"]

1. d4 Nf6 2. c4 c5 3. d5 b5 4. a4 bxc4 5. Nc3 d6 6. e4 Ba6 7. f4 Nbd7 8. Nf3
Qc7 9. Nd2 g6 10. Bxc4 Bxc4 11. Nxc4 Bg7 12. O-O O-O 13. Qe2 Ne8 14. Bd2 a6 15.
Rfe1 e6 16. e5 dxe5 17. fxe5 exd5 18. Nxd5 Qb7 19. Qe4 Rb8 20. Bc3 Nc7 21. Ne7+
Kh8 22. Nc6 Ra8 23. Rad1 Ne6 24. Nd6 Qc7 25. Ba5 Nb6 26. Nc4 Ng5 27. Bxb6 Qb7
28. Qd5 Ne6 29. Qd7 1-0